Food and Drink Items Toxic for Dogs - Statistics

General Stats
  • This quiz has been taken 17 times
  • The average score is 5 of 12
Answer Stats
Answer % Correct
Chocolate
100%
Grapes
71%
Alliums
57%
Caffeinated Drinks
50%
Avocado
43%
Coffee
43%
Alcohol
29%
Tea
29%
Xylitol
21%
Macadamia Nuts
14%
Currants
7%
Uncooked Dough
7%
No matching quizzes found
Score Distribution
Percent of People with Each Score
Percentile by Number Answered
Your Score History
You have not taken this quiz